| 000 | 00518nam a2200157 i 4500 | ||
|---|---|---|---|
| 001 | 58171 | ||
| 003 | ES-MaACL | ||
| 005 | 20230906163736.0 | ||
| 007 | t| | ||
| 008 | 031021s1966 sp ||||1| spa d | ||
| 100 | 1 |
_aDue Rojo, Antonio. _945872 |
|
| 245 | 1 | 0 |
_aInfancia y juventud de la cultura humana _b: conquistas de la arqueología moderna en el estudio de la prehistoria / _cpor Antonio Due Rojo. |
| 260 |
_aMadrid : _bRazón y Fé, _c[1966] |
||
| 300 |
_a203 p. ; _c19 cm. |
||
| 852 |
_aES-MaACL _jC-31035 _bR.70226 |
||
| 999 |
_c58171 _d58171 |
||